US Presidents with just enough Letters: 2 Minute Sprint - Statistics

General Stats
  • This quiz has been taken 838 times
    811 since last reset
  • The average score is 34 of 43
Answer Stats
President % Correct
WAshington
97%
Obama
96%
Eisenhower
93%
Lincoln
92%
TRuman
92%
Nixon
91%
ADAMS
89%
ADAMS
89%
BUSH
89%
BUSH
89%
Kennedy
89%
JOHNSON
86%
JOHNSON
86%
MAdison
86%
ROOSEVELT
86%
ROOSEVELT
86%
JAckson
85%
JEfferson
83%
CLInton
82%
MOnroe
82%
CArter
80%
REagan
80%
Van buren
80%
COolidge
78%
POlk
77%
WIlson
77%
FOrd
75%
GRant
75%
HARRISON
75%
HARRISON
75%
HOover
75%
TAYlor
74%
TYler
74%
TAFt
73%
BUChanan
72%
CLEveland
70%
PIerce
70%
FIllmore
69%
GArfield
67%
MCkinley
66%
ARthur
64%
HAYes
64%
HARDing
60%
No matching quizzes found
Score Distribution
Percent of People with Each Score
Percentile by Number Answered
Your Score History
You have not taken this quiz since the last reset